Culpabilidade nos crimes propriamente militares

Detalles Bibliográficos
Autor principal: de Melo Veras, Frederico Magno
Formato: Libro
Lenguaje:portugués
Publicado: Brasil LEUD - Livraria e Editora Universitr̀ia de Direito 2007
Materias:
Acceso en línea:Acceso restringido

MARC

LEADER 00000nam a22000007a 4500
005 20160224112216.0
007 cr|||| ||u|
008 160224s2007 bl ||||| |||| 00||0 por d
020 |a 978-85-7456-221-6 
035 |a 13119 
040 |a vLex 
090 |c 5921  |d 5921 
100 1 |a de Melo Veras, Frederico Magno 
245 1 0 |a Culpabilidade nos crimes propriamente militares  |h [Recurso electrn̤ico] /  |c Frederico Magno de Melo Veras  
256 |a Servicio en ln̕ea  
260 |a Brasil  |b LEUD - Livraria e Editora Universitr̀ia de Direito  |c 2007 
300 |a 1 recurso electrn̤ico  
506 1 |a Contenido solo disponible en los productos indcados  |d vLex Global  |d vLex Global (Academic Edition, excluding Law Schools)  |d vLex Global (U.S. Academic Edition, Law Schools)  |d vLex Global (U.S. Academic Edition, excluding Law Schools)  |d vLex Global (Academic Edition, Law Schools) 
650 0 4 |a Derecho  |z Brasil 
740 0 |a vLex libros (servicio en ln̕ea)  
856 4 0 |u http://vlex.com/source/culpabilidade-crimes-propriamente-militares-13119  |z Acceso restringido  
942 |c BOOK 
999 0 |a Law